La Corte Penal Internacional

Detalles Bibliográficos
Autor principal: Cabezudo Rodrg̕uez, Nicols̀
Formato: Desconocido
Lenguaje:español
Publicado: Madrid : Dykinson, 2002
Colección:Estudios penales (Editorial Dykinson) ; 4
Materias:
Acceso en línea:Acceso restringido

MARC

LEADER 00000ny a22000003n 4500
005 20110601142111.0
008 030428s2002 sp s 001 0 spa c
017 |a D.L. SE.1941-2002 
020 |a 8481558818 
035 |a 186 
040 |a SpMaUCDE  |d vLex 
040 |a UMA.RE  |d vLex 
080 |a 341.645.5:343.19 
080 |a 343.19:341.645.5 
090 |c 415  |d 415 
100 1 |a Cabezudo Rodrg̕uez, Nicols̀ 
245 1 3 |a La Corte Penal Internacional  |h [Recurso electrn̤ico]  |c Nicols̀ Cabezudo Rodrg̕uez 
256 |a Servicio en ln̕ea 
260 |a Madrid :  |b Dykinson,  |c 2002 
300 |a 171 p. ;   |c 21 cm 
490 1 |a Estudios penales ;  |v 4 
506 1 |a Contenido solo disponible en los productos indicados  |d vLex Global  |d vLex Global (Academic Edition, excluding Law Schools)  |d vLex Global (U.S. Academic Edition, Law Schools)  |d vLex Global (U.S. Academic Edition, excluding Law Schools)  |d vLex Global (Academic Edition, Law Schools) 
650 0 7 |a Comunitario  |2 Tesauro vLex 
740 0 |a vLex Libros (Servicios en ln̕ea) 
830 0 |a Estudios penales (Editorial Dykinson) ;  |v 4 
856 4 0 |u http://vlex.com/source/186  |z Acceso restringido 
942 |c BOOK 
999 0 |a Community  |b Madrid